Responses for show #5248 - Wednesday, June 6, 2007

Contestants

[<< previous game]

Sarah Martin, a humanitarian advocate originally from Sumter, South Carolina

Toho Soma, a public health analyst from Portland, Maine

Heidi Sanchez, a college library director from Bethpage, New York (whose 1-day cash winnings total $21,000)

[next game >>]

Jeopardy! Round responses

LOOK WHO'S TOLKIEN
(Alex: You have to identify the character speaking.)
POP LYRICS
FAMOUS FLOPS
NAME THAT YEAR
MAGAZINES
(Alex: Each correct response will have...)
ONLY ONE VOWEL
    $200 5
the Gollum

Sarah
    $200 7
"Hotel California"

Heidi
    $200 1
a pineapple

Heidi
    $200 8
1992

Toho
    $200 23
People

Heidi
    $200 18
an inch

Sarah
    $400 6
Pippin

Triple Stumper
    $400 14
"Unchained Melody"

Toho
    $400 2
the Edsel

Toho
    $400 10
1963

Toho
    $400 24
TV Guide

Toho
    $400 19
high

Toho
    $100 28
Sam

Sarah
    $600 15
"Turn! Turn! Turn!"

Heidi
    $600 3
the Xerox

Toho
    $600 11
(Sarah: What is 1978?)
(Toho: What is--what is 1979?)
...
(Alex: They were so close, Heidi. They sort of were getting you down to [*]...)

1977

TohoSarah
Triple Stumper
    $600 25
(Sir Thomas) Lipton

Heidi
    $600 20
(Toho: Uh... what is gut?)
...
(Alex: That's a 1-vowel word.)

growl

TohoSarah
    $800 29
(Alex: The character speaking was [*].)

Gandalf

Triple Stumper
    $800 16
"I Will Remember You"

Toho
    $800 4
Kellogg's

Sarah
    $800 12
(Alex: Battle of Waterloo--[*].)

1815

Triple Stumper
    $800 26
(Heidi: What is "Car and Driver"?)

Motor Trend

Heidi
Triple Stumper
    $800 21
script

Heidi
    $1000 30
Aragorn

Triple Stumper
    $1000 17
(Sarah: What is your lovelight?)

heartlight

HeidiSarah
    $1000 9
Apple

Heidi
    $1000 13
1947

Triple Stumper
    $1000 27
Jet

Sarah
    $1000 22
(Sarah: What is twine?)
...
(Alex: That has two vowels, but [*] has only one.)

twist

Sarah
Triple Stumper

Scores at the first commercial break (after clue 15):

Heidi Toho Sarah
$2,000 $1,400 $400

Scores at the end of the Jeopardy! Round:

Heidi Toho Sarah
$3,800 $2,400 $300

Double Jeopardy! Round responses

BASIC SCIENCE
ACTORS & THEIR ROLES
CAPITAL PUNISHMENT
(Alex: You have to name the country.)
"Z" ME
FOR RICHARD
FOR POURER
    $400 23
air pressure

Triple Stumper
    $400 11
Harry Potter

Toho
    $400 1
Bosnia-Herzegovina

Toho
    $400 6
a zombie

Sarah
    $400 16
Richard Rodgers

Toho
    $400 21
gin

Toho
    $800 24
spontaneous

Toho
    $800 12
John Travolta

Toho
    $800 2
Armenia

Toho
    $800 7
Zeus

Sarah
    $2,000 17
(Alex: Yes, Virgin Records.)

Richard Branson

Toho
    $800 22
mint

Heidi
    $1200 28
contract

Sarah
    $1200 13
Patrick Dempsey

Toho
    $1200 3
Qatar

Toho
    $1200 8
zinc

Toho
    $1200 18
Richard Wright

Heidi
    $1200 25
blended

Toho
    $1600 29
fluorescent lights

Triple Stumper
    $1600 14
The Cotton Club

Heidi
    $1600 4
Zimbabwe

Toho
    $1600 9
a zoot suit

Sarah
    $1600 19
(Toho: Who is Robert--oh, shoot, Richard Peary?)
(Sarah: Who is Richard Burton?)

(Richard) Byrd

HeidiTohoSarah
    $1600 26
sugar

Sarah
    $2000 30
(Alex: Iron [*]. Way to go.)

pyrite

Toho
    $2000 15
Geoffrey Rush

Toho
    $2000 5
Honduras

Toho
    $2,000 10
(Sarah: Who... are... the Zoroastrians?)

the Zealots

Sarah
    $2000 20
Richard Feynman

Heidi
    $2000 27
manzanilla

Toho

Scores at the end of the Double Jeopardy! Round:

Heidi Toho Sarah
$11,000 $21,200 $2,300

[wagering suggestions for these scores]

Final Jeopardy! Round responses

BODIES OF WATER
(Alex: It is known as a sea, and all of its boundaries--even the Gulf Stream--are ocean currents.)
...
(Alex: [Revealing Heidi's response] Where they have a lot of floating kelp and sea plants.)
...
(Alex: [Revealing Toho's response] Added a syllable, and that is going to cost you.)
SarahWhat is the Bering
$2,300
HeidiWhat is the Sargasso Sea?
$10,300
TohoWhat is the Saragasso Sea
$801
the Sargasso Sea

Final scores:

Heidi Toho Sarah
$21,300 $20,399 $0
2-day champion: $42,300 2nd place: $2,000 3rd place: $1,000

Game dynamics:

Coryat scores:

Heidi Toho Sarah
$11,000 $20,000 $4,800
13 R,
1 W
25 R
(including 1 DD),
3 W
11 R
(including 1 DD),
5 W
(including 1 DD)

Combined Coryat: $35,800

The J! Archive is created by fans, for fans. The Jeopardy! game show and all elements thereof, including but not limited to copyright and trademark thereto, are the property of Jeopardy Productions, Inc. and are protected under law. This website is not affiliated with, sponsored by, or operated by Jeopardy Productions, Inc. Join the discussion at JBoard.tv.